000 00369nam a2200133Ia 4500
008 230411s9999 xx 000 0 und d
041 _aeng
082 _aCH/610.7349/JOS/B07358
100 _aJoshi Sonopant
245 _aDisaster Management for Health Care Professionals
260 _bJaypee Brothers
_aNew Delhi
_c2012
300 _a156p
999 _c157488
_d157488